[Event "CRO-chT3 West"]
[Site "Croatia"]
[Date "2020.10.25"]
[Round "9.5"]
[White "Sabalic, Tomislav"]
[Black "Kvaternik, Sinisa"]
[Result "0-1"]
[WhiteElo "1897"]
[BlackElo "1856"]
[PlyCount "56"]
[EventDate "2020.09.12"]
[EventType "team-tourn"]
[EventRounds "9"]
[EventCountry "CRO"]
[SourceTitle "EXT 2022"]
[Source "ChessBase"]
[SourceDate "2021.10.06"]
[SourceVersion "1"]
[SourceVersionDate "2021.10.06"]
[SourceQuality "1"]
[WhiteTeam "Delnice"]
[BlackTeam "Kraljevica"]
[WhiteTeamCountry "CRO"]
[BlackTeamCountry "CRO"]

1. e4 e5 2. Nf3 Nf6 3. Bc4 Nc6 4. d3 h6 5. Nc3 Bc5 6. h3 d6 7. Na4 Bb6 8. Nxb6 axb6 9. a3 Qe7 10. Be3 0-0 11. Qd2 Be6 12. Bxe6 Qxe6 13. Nh4 Ne7 14. f4 exf4 15. Bxf4 g5 16. Bxg5 hxg5 17. Qxg5+ Kh7 18. Rf1 Nfg8 19. Qh5+ Nh6 20. g4 f6 21. Nf5 Nexf5 22. gxf5 Qf7 23. Qxf7+ Nxf7 24. Kf2 Rg8 25. Rg1 Rxg1 26. Rxg1 Ng5 27. h4 Nh3+ 28. Kg2 Rg8+ 0-1

[Event "CRO-chT3 West"]
[Site "Croatia"]
[Date "2020.09.12"]
[Round "1.5"]
[White "Sabalic, Tomislav"]
[Black "Perusko, Niko"]
[Result "0-1"]
[WhiteElo "1897"]
[BlackElo "1842"]
[PlyCount "62"]
[EventDate "2020.09.12"]
[EventType "team-tourn"]
[EventRounds "9"]
[EventCountry "CRO"]
[SourceTitle "EXT 2022"]
[Source "ChessBase"]
[SourceDate "2021.10.06"]
[SourceVersion "1"]
[SourceVersionDate "2021.10.06"]
[SourceQuality "1"]
[WhiteTeam "Delnice"]
[BlackTeam "Pula II"]
[WhiteTeamCountry "CRO"]
[BlackTeamCountry "CRO"]

1. e4 c6 2. d4 d5 3. Nc3 b5 4. a3 a6 5. Be3 dxe4 6. Nxe4 Nf6 7. Nxf6+ exf6 8. Nf3 Bd6 9. Bd3 0-0 10. 0-0 Re8 11. Re1 Nd7 12. c3 Bb7 13. Qc2 Nf8 14. Re2 Qc7 15. h3 Re7 16. Rae1 Rae8 17. Nh4 g6 18. Bh6 Ne6 19. Be3 c5 20. dxc5 Nxc5 21. Bxc5 Bxc5 22. Rxe7 Rxe7 23. Rxe7 Qxe7 24. Qe2 Qd6 25. Nf3 Qf4 26. Nd2 Bd6 27. g3 Qh6 28. Kh2 Bc8 29. h4 Qxh4+ 30. Kg1 Qh6 31. f4 Bc5+ 0-1